MARC details
| 000 -CABECERA |
| campo de control de longitud fija |
04426nam a2200457 a 4500 |
| 001 - NÚMERO DE CONTROL |
| campo de control |
dia_1995 |
| 003 - IDENTIFICADOR DEL NÚMERO DE CONTROL |
| campo de control |
CHAP |
| 005 - FECHA Y HORA DE LA ÚLTIMA TRANSACCIÓN |
| campo de control |
20230706134922.0 |
| 007 - CAMPO FIJO DE DESCRIPCIÓN FÍSICA--INFORMACIÓN GENERAL |
| campo de control de longitud fija |
ta |
| 008 - DATOS DE LONGITUD FIJA--INFORMACIÓN GENERAL |
| campo de control de longitud fija |
220117s1974 mx ado fr 101 0 spa d |
| 010 ## - NÚMERO DE CONTROL DE LA BIBLIOTECA DEL CONGRESO |
| Número de control de LC |
172532 |
| 040 ## - FUENTE DE LA CATALOGACIÓN |
| Centro/agencia transcriptor |
CHAP |
| Centro catalogador/agencia de origen |
mxchpua |
| 050 10 - SIGNATURA TOPOGRÁFICA DE LA BIBLIOTECA DEL CONGRESO |
| Número de clasificación |
TS156 |
| Número de documento/Ítem |
.C66 1974 |
| 082 00 - NÚMERO DE LA CLASIFICACIÓN DECIMAL DEWEY |
| Número de clasificación |
634.3 |
| Número de documento/Ítem |
C66 1974 |
| Número de edición |
20 |
| 111 1# - ENTRADA PRINCIPAL--NOMBRE DE CONGRESO/REUNIÓN |
| Nombre de congreso/reunión o jurisdicción como elemento de entrada |
Congreso Nacional de Control de Calidad |
| 9 (RLIN) |
187526 |
| Número del congreso/reunión o número de parte o sección |
(2° : |
| Fecha del congreso/reunión |
1974 oct 21-25 : |
| Sede del congreso/Lugar de la reunión |
Cd. de México) |
| 245 10 - MENCIÓN DE TÍTULO |
| Título |
Conferencias / |
| Mención de responsabilidad, etc. |
Congreso Nacional de Control de Calidad ; organizado por Instituto Mexicano de Control de Calidad, 21-25 octubre 1974 en Ciudad de México |
| 250 ## - MENCIÓN DE EDICIÓN |
| Mención de edición |
1a edición |
| 264 ## - PRODUCCIÓN, PUBLICACIÓN, DISTRIBUCIÓN, FABRICACIÓN Y COPYRIGHT |
| Producción, publicación, distribución, fabricación y copyright |
México : |
| Nombre del de productor, editor, distribuidor, fabricante |
Instituto Mexicano de Control de Calidad, |
| Fecha de producción, publicación, distribución, fabricación o copyright |
1974 |
| 300 ## - DESCRIPCIÓN FÍSICA |
| Extensión |
t. : |
| Otras características físicas |
ilustraciones, gráficas, diagramas, tablas, fotos |
| 336 ## - TIPO DE CONTENIDO |
| Término de tipo de contenido |
texto |
| Código de tipo de contenido |
txt |
| Fuente |
rdacontent |
| 337 ## - TIPO DE MEDIO |
| Nombre/término del tipo de medio |
sin medio |
| Código del tipo de medio |
n |
| Fuente |
rdamedia |
| 338 ## - TIPO DE SOPORTE |
| Nombre/término del tipo de soporte |
volumen |
| Código del tipo de soporte |
nc |
| Fuente |
rdacarrier |
| 500 ## - NOTA GENERAL |
| Nota general |
La biblioteca tiene el t. 2 |
| 504 ## - NOTA DE BIBLIOGRAFÍA, ETC. |
| Nota de bibliografía, etc. |
Incluye bibliografías |
| 505 ## - NOTA DE CONTENIDO CON FORMATO |
| Nota de contenido con formato |
Tomo 2 -- |
| Información miscelánea |
15. |
| Título |
Control de calidad en los servicios / |
| Mención de responsabilidad |
José Francisco González Prado (Instituto Mexicano de Control de Calidad, A.C.) -- |
| Información miscelánea |
16. |
| Título |
El problema de la calidad y los servicios entre las industrias mediana y pequeña y el consumidor / |
| Mención de responsabilidad |
Manuel Pardo-Salas Vilchis (Instituto Mexicano del Petróleo) -- |
| Información miscelánea |
17. |
| Título |
Es indispensable normalizar la calidad del aire / |
| Mención de responsabilidad |
Francisco Escalante Martínez (Servicios de Control Ambiental de México, S.A.) -- |
| Información miscelánea |
18. |
| Título |
Algunas posibilidades para el mejoramiento de los servicios tecnológicos de laboratorio / |
| Mención de responsabilidad |
José Rangel Sánchez (Comisión Nacional de Ciencia y Tecnología) -- |
| Información miscelánea |
19. |
| Título |
Creación del Comité UPADI de Energéticos, como base de un esfuerzo conjunto de los países de América, hacia su desarrollo socioeconómico más equilibrado / |
| Mención de responsabilidad |
Carlos E. Cervantes de Gortari (Comité Nacional Mexicano para la Conferencia Mundial de la Energía) -- |
| Información miscelánea |
20. |
| Título |
Equipo común de comprobación dimensional por atributos / |
| Mención de responsabilidad |
Rubén Ávila Espinosa (Ford Motor Co., S.A.) -- |
| Información miscelánea |
21. |
| Título |
El control de calidad en la industria hotelera / |
| Mención de responsabilidad |
Miguel Espejel Romero (Nacional Hotelera, S.A.) -- |
| Información miscelánea |
22. |
| Título |
Laboratorio de instrumentación del C.I.D.E.T. / |
| Mención de responsabilidad |
José de Jesús Mendoza Piña y Rogelio Ortega Nieto (Centro de Investigación y Desarrollo de Telecomunicaciones) -- |
| Información miscelánea |
23. |
| Título |
Calidad en los servicios de reclutamiento y selección / |
| Mención de responsabilidad |
Guillermo B. Sander Moreno (Compar de México, S.A.) -- |
| Información miscelánea |
24. |
| Título |
Control de calidad integral / |
| Mención de responsabilidad |
Guillermo Rodarte Hoyo (Altos Hornos de México, S.A.) -- |
| Información miscelánea |
25. |
| Título |
Estudio previo para la consolidación de las unidades metrológicas / |
| Mención de responsabilidad |
Carlos Romero Ortega (Comisión Nacional de Ciencia y Tecnología) -- |
| Información miscelánea |
26. |
| Título |
Administración del control de calidad en empresas medianas y pequeñas / |
| Mención de responsabilidad |
Juan Ramírez Baltazar (Ascania, S.A.) -- |
| Información miscelánea |
27. |
| Título |
Capacitación y entrenamiento de inspectores para fruta fresca / |
| Mención de responsabilidad |
Heriberto Barrera Benítez (Comisión Nacional de Fruticultura) -- |
| Información miscelánea |
28. |
| Título |
Suplemento asistencial a los infantes / |
| Mención de responsabilidad |
José Luis Pérez Gutiérrez (Instituto Nacional de Protección a la Infancia) -- |
| Información miscelánea |
29. |
| Título |
La planación a nivel táctico en control de calidad / |
| Mención de responsabilidad |
Alfredo Álvarez Bobadilla -- |
| Información miscelánea |
30. |
| Título |
Comentarios sobre la normalización y la contaminación ambiental / |
| Mención de responsabilidad |
Edgar Ubbelohde R. (Confederación de Cámaras Industriales de los Estado Unidos Mexicanos) -- |
| Información miscelánea |
31. |
| Título |
Control de calidad en los servicios de restaurantes / |
| Mención de responsabilidad |
Antonio González Puga (Denny's Polanco) -- |
| Información miscelánea |
32. |
| Título |
Control de calidad del ruido y vibración de productos manufacturados / |
| Mención de responsabilidad |
Carl Johan Christensen (Instrumentación, S.A. de C.V.) -- |
| Información miscelánea |
33. |
| Título |
Los pronósticos tecnológicos en los problemas de energía y medio ambiente / |
| Mención de responsabilidad |
Gerardo Bazán Navarrete (Petróleos Mexicanos) |
| 650 13 - PUNTO DE ACCESO ADICIONAL DE MATERIA--TÉRMINO DE MATERIA |
| Término de materia o nombre geográfico como elemento de entrada |
Control de calidad |
| 9 (RLIN) |
147085 |
| Subdivisión general |
Congresos, conferencias, etc. |
| 650 17 - PUNTO DE ACCESO ADICIONAL DE MATERIA--TÉRMINO DE MATERIA |
| Término de materia o nombre geográfico como elemento de entrada |
Servicios |
| 9 (RLIN) |
105327 |
| Subdivisión general |
Control de calidad |
| 650 13 - PUNTO DE ACCESO ADICIONAL DE MATERIA--TÉRMINO DE MATERIA |
| Término de materia o nombre geográfico como elemento de entrada |
Calidad del producto |
| 9 (RLIN) |
148310 |
| 650 13 - PUNTO DE ACCESO ADICIONAL DE MATERIA--TÉRMINO DE MATERIA |
| Término de materia o nombre geográfico como elemento de entrada |
Calidad del procesamiento |
| 9 (RLIN) |
187550 |
| 650 13 - PUNTO DE ACCESO ADICIONAL DE MATERIA--TÉRMINO DE MATERIA |
| Término de materia o nombre geográfico como elemento de entrada |
Calidad ambiental |
| 9 (RLIN) |
187556 |
| 650 13 - PUNTO DE ACCESO ADICIONAL DE MATERIA--TÉRMINO DE MATERIA |
| Término de materia o nombre geográfico como elemento de entrada |
Quality control |
| 9 (RLIN) |
152763 |
| Subdivisión general |
Congresses |
| 650 13 - PUNTO DE ACCESO ADICIONAL DE MATERIA--TÉRMINO DE MATERIA |
| Término de materia o nombre geográfico como elemento de entrada |
Utilities |
| 9 (RLIN) |
187549 |
| Subdivisión general |
Quality control |
| 650 13 - PUNTO DE ACCESO ADICIONAL DE MATERIA--TÉRMINO DE MATERIA |
| Término de materia o nombre geográfico como elemento de entrada |
Product quality |
| 9 (RLIN) |
148311 |
| 650 13 - PUNTO DE ACCESO ADICIONAL DE MATERIA--TÉRMINO DE MATERIA |
| Término de materia o nombre geográfico como elemento de entrada |
Processing quality |
| 9 (RLIN) |
187552 |
| 650 13 - PUNTO DE ACCESO ADICIONAL DE MATERIA--TÉRMINO DE MATERIA |
| Término de materia o nombre geográfico como elemento de entrada |
Environmental quality |
| 9 (RLIN) |
187557 |
| 711 1# - PUNTO DE ACCESO ADICIONAL--NOMBRE DE REUNIÓN/CONGRESO |
| 9 (RLIN) |
187526 |
| Nombre de congreso/reunión o jurisdicción como elemento de entrada |
Congreso Nacional de Control de Calidad |
| Número del congreso/reunión o número de parte o sección |
(2° : |
| Fecha del congreso/reunión |
1974 oct 21-25 : |
| Sede del congreso/Lugar de la reunión |
Cd. de México) |
| 942 ## - ELEMENTOS DE PUNTO DE ACCESO ADICIONAL (KOHA) |
| Tipo de ítem Koha |
Libro |
| Fuente del sistema de clasificación o colocación |
Dewey Decimal Classification |
| 901 ## - ELEMENTOS DE DATOS A LOCAL LDA (RLIN) |
| a |
634.3 M3 1996 |
| 902 ## - ELEMENTOS DE DATOS B LOCAL, LDB (RLIN) |
| a |
M |
| 905 ## - ELEMENTOS DE DATOS E LOCAL, LDE (RLIN) |
| a |
0000001996 mx X 0000000000spa00 |